000 00301nam a2200109Ia 4500
008 171211s9999 xx 000 0 und d
245 _aSciatica
245 _cIcon Health Publications
260 _c2004
650 _xEncyclopedia and Dictionary
856 _uhttp://down.ebook777.com/056/059784075X.pdf
999 _c350186
_d350186